| 000 | 00865nam a2200229 a 4500 | ||
|---|---|---|---|
| 001 | 000005399 | ||
| 005 | 20200929151651.0 | ||
| 008 | 090819s1984 sp a 001 0 spa d | ||
| 020 | _a8400056701 | ||
| 040 |
_aDO-SdBNP _bspa _cBNPHU |
||
| 082 |
_a620.11223 _bG643t |
||
| 245 | 0 | 0 |
_aTeoría y práctica de la lucha contra la corrosión / _cJosé A. González Fernández ; coordinador. |
| 260 |
_aMadrid, España : _bConsejo Superior de Investigaciones Científicas ; _bCentro Nacional de Investigaciones Metalúrgicas , _c1984. |
||
| 300 |
_a683 p. : _bil. ; _c24 cm. |
||
| 500 | _aIncluye tabla de contenido | ||
| 650 | 4 |
_aCorrosión y anticorrosivos _915320 |
|
| 650 | 4 |
_aDeterioración de materiales _915321 |
|
| 650 | 4 |
_aHormigón _xCorrosión _915322 |
|
| 650 | 4 |
_aOxidación _915323 |
|
| 700 | 1 |
_aGonzález Fernández, José A., _ecoord. _915324 |
|
| 049 | _aBNPD | ||
| 999 |
_c5199 _d5199 |
||